Pautas éticas para un mundo nuevo

Gardado en:
Detalles Bibliográficos
Autor Principal: Thévenot, Xavier (Author)
Formato: Libro
Idioma:Lingua castelá
Publicado: Estella Verbo Divino 1988
Subjects:
Tags: Engadir etiqueta
Sen Etiquetas, Sexa o primeiro en etiquetar este rexistro!

MARC

LEADER 00000nam a2200000 a 4500
001 UCQ3459
003 CL-VaPUC
008 980821e19880000SP |||||||||||||||||spa|d
082 0 4 |a 170  |b THE  |2 21 
100 0 |a Thévenot, Xavier  |e author  |9 417631 
245 1 0 |a Pautas éticas para un mundo nuevo 
300 |a 221 p 
942 |c BK 
945 |d 19980821 00:00:00  |a mvenant 
260 |a Estella  |b Verbo Divino  |c 1988 
650 0 |a Ética  |9 255099 
650 0 |a Amor  |9 257817 
650 0 |a Educación sexual  |9 308005 
650 0 |a Amistad  |9 307341 
650 0 |a Sexualidad  |9 358183 
650 0 |a Homosexualidad  |9 255614 
583 |a last modification  |c 19980821 00:00:00  |k Rodrigo Vera 
999 |c 274033  |d 274031 
952 |0 0  |1 2  |4 0  |6 170_000000000000000_THE_1988  |7 0  |8 A  |9 310083  |a BIBTEO  |b BIBTEO  |d 2019-11-20  |i 3455270  |o 170 THE 1988  |p 3455270  |r 2019-11-20  |w 2019-11-20  |x Descarte 2019  |y BK  |k ICR